|
|
|
|
| LEADER |
01311nam a2200289 a 4500 |
| 001 |
11972742 |
| 008 |
100210s1999 bg a bs f000 0 eng d |
| 999 |
|
|
|c 7478
|d 7478
|
| 010 |
|
|
|a 99946612
|
| 020 |
|
|
|a 9845083463
|
| 040 |
|
|
|a DLC
|c DLC
|d DLC
|
| 082 |
0 |
0 |
|a 614.4/25492/021
|2 21
|
| 245 |
0 |
0 |
|a Report of survey on prevalence of morbidity, treatment status, treatment expenditures, fertility, immunization and smoking, July 1997.
|
| 260 |
|
|
|a Dhaka :
|b Bangladesh Bureau of Statistics, Statistics Division, Ministry of Planning,
|c 1999.
|
| 300 |
|
|
|a 165 pages :
|b illustrations ;
|c 29 cm.
|
| 490 |
1 |
|
|a Bangladesh health and demographic survey ;
|v HDS-pub-026
|
| 500 |
|
|
|a Includes statistical tables.
|
| 504 |
|
|
|a Includes bibliographical references (p. 93).
|
| 541 |
|
|
|e 00007338
|
| 650 |
|
0 |
|a Health status indicators
|z Bangladesh.
|9 28599
|
| 650 |
|
0 |
|a Public health
|z Bangladesh
|v Statistics.
|9 28600
|
| 650 |
|
0 |
|a Health surveys
|z Bangladesh.
|9 28601
|
| 651 |
|
0 |
|a Bangladesh
|v Statistics, Medical.
|9 28602
|
| 710 |
1 |
|
|a Bangladesh.
|b Parisaṃkhyāna Byuro.
|9 28603
|
| 852 |
4 |
|
|a Ayesha Abed Library
|j General Stacks
|
| 942 |
|
|
|2 ddc
|c BK
|
| 952 |
|
|
|0 0
|1 0
|2 ddc
|4 0
|6 614_425492021000000_REP_1999
|7 0
|9 8043
|a BRACUL
|b BRACUL
|c GEN
|d 2010-02-11
|l 1
|m 1
|o 614.425492021 REP
|p 3010007338
|r 2013-08-04
|s 2013-07-27
|t 1
|w 2010-02-11
|y BK
|